Dạy học nghị luận về một tư tưởng đạo lý tích hợp đọc hiểu văn bản nghị luận ở trường trung học phổ thông : Luận văn Thạc sĩ Khoa học giáo dục. Chuyên ngành Lý luận và phương pháp dạy học bộ môn Văn và Tiếng Việt

Đề tài nghiên cứu quá trình dạy học nghị luận về một tư tưởng đạo lý tích hợp đọc hiểu văn bản nghị luận ở trường trung học phổ thông và đề xuất giải pháp

Na minha lista:
Detalhes bibliográficos
Autor principal: Châu, Đặng Diễm Thúy
Formato: Livro
Idioma:Undetermined
Publicado em: Cần Thơ Trường Đại học Cần Thơ 2014
Assuntos:
Tags: Adicionar Tag
Sem tags, seja o primeiro a adicionar uma tag!
Thư viện lưu trữ: Trung tâm Học liệu Trường Đại học Cần Thơ
LEADER 01275nam a2200217Ia 4500
001 CTU_214145
008 210402s9999 xx 000 0 und d
082 |a 495.9220712 
082 |b Th523 
100 |a Châu, Đặng Diễm Thúy 
245 0 |a Dạy học nghị luận về một tư tưởng đạo lý tích hợp đọc hiểu văn bản nghị luận ở trường trung học phổ thông : 
245 0 |b Luận văn Thạc sĩ Khoa học giáo dục. Chuyên ngành Lý luận và phương pháp dạy học bộ môn Văn và Tiếng Việt 
245 0 |c Châu Đặng Diễm Thúy ; Lê A (Người hướng dẫn) 
260 |a Cần Thơ 
260 |b Trường Đại học Cần Thơ 
260 |c 2014 
520 |a Đề tài nghiên cứu quá trình dạy học nghị luận về một tư tưởng đạo lý tích hợp đọc hiểu văn bản nghị luận ở trường trung học phổ thông và đề xuất giải pháp 
650 |a Ngữ văn,Philology 
650 |x Dạy và học (trung học),Study and teaching (secondary) 
904 |i Nguyên 
980 |a Trung tâm Học liệu Trường Đại học Cần Thơ